|
|
|
|
| LEADER |
01408cmm a2200385 a 4500 |
| 001 |
000043431 |
| 003 |
1398 |
| 005 |
20060120170011.0 |
| 008 |
010217b2004 vm 000 vie |
| 040 |
|
|
|a LRC
|c LRC
|d LRC
|
| 041 |
0 |
|
|a vie
|
| 082 |
1 |
4 |
|a 006.6
|2 21
|b NG-Đ
|
| 100 |
1 |
|
|a Nguyễn Minh Đức.
|
| 245 |
1 |
6 |
|a Những vấn đề căn bản của AutoCAD 2004
|h [Computer file - Đĩa máy tính] /
|c Nguyễn Minh Đức và Ban biên tập Tạp chí Computer Fan.
|
| 260 |
|
|
|a Tp.HCM :
|b Giao thông vận tải,
|c 2004.
|
| 300 |
|
|
|a 1 CD-ROM ;
|c 4 3/4 in. +
|e 1 sách (517 tr. :
|b mh. ;
|c 20,5 cm.).
|
| 440 |
|
0 |
|a Tủ sách tin học Phương Nam.
|
| 500 |
|
|
|a Nhan đề ghi trên đĩa.
|
| 630 |
0 |
4 |
|a Tin học.
|
| 630 |
0 |
4 |
|a Computer graphics.
|
| 630 |
0 |
4 |
|a Đồ hoạ máy tính.
|
| 650 |
0 |
4 |
|a AutoCAD (Phần mềm máy tính)
|
| 710 |
2 |
|
|a Ban biên tập Tạp chí Computer Fan.
|
| OWN |
|
|
|a DUT
|
| AVA |
|
|
|a UDN50
|b DUT
|c Visual
|d 006.6 NG-Đ
|e available
|t Error 5001 Not defined in file expand_doc_bib_avail.
|f 3
|g 0
|h N
|i 0
|j AV
|k 1
|
| 999 |
|
|
|a From the UDN01
|
| AVA |
|
|
|a UDN50
|b DUT
|c Visual
|d 006.6 NG-Đ
|e available
|t Error 5001 Not defined in file expand_doc_bib_avail.
|f 3
|g 0
|h N
|i 0
|j AV
|k 1
|
| TYP |
|
|
|a Computer file
|
| TYP |
|
|
|a Monograph
|
| 980 |
|
|
|a Mạng thư viện Đại học Đà Nẵng
|